Bilecik Bilecik Bilecik Bilecik Bilecik

Servis sistemleri ve gelişler zamana bağlı olduğunda kapasite sorununa matematiksel yaklaşım : (Record no. 9397)

MARC details
000 -BAŞLIK
Sabit Uzunluktaki Kontrol Alanı 01137nam a22003257a 4500
001 - KONTROL NUMARASI
Control Dosyası 0009425
003 - KONTROL NUMARASI KİMLİĞİ
Kontrol Alanı KOHA_MİRAKIL
005 - EN SON İŞLEM TARİHİ ve ZAMANI
Kontrol Alanı 20260207001708.0
007 - FİZİKSEL TANIM SABİT ALAN - GENEL BİLGİ
Sabit uzunluklu kontrol alanı ta
008 - SABİT UZUNLUKTAKİ VERİ ÖGELERİ - GENEL BİLGİ
Sabit Alan 091020b1976 tu |||gr||||#||||0|tur |
020 ## - ISBN - ULUSLARARASI STANDART KİTAP NUMARASI
Kullanılabilirlik koşulları 0,01
040 ## - KATALOGLAMA KAYNAĞI
Özgün Kataloglama Kurumu TR-BiSEU
Kataloglama Dili tur
Çeviri Kurumu TR-BiSEU
Açıklama Kuralları rda
041 0# - DİL KODU
Metin ya da ses kaydının dil kodu tur
044 ## - YAYINLAYAN/ÜRETEN KURULUŞUN ÜLKE KODU
ISO country code tu
050 ## - SINIFLAMA ve YER NUMARASI
Sınıflama Numarası T60.3
Yer Numarası .K37 1976
100 1# - KİŞİ ADI
Yazar Adı (Kişi adı) Kara, İmdat.
245 1# - ESER ADI BİLDİRİMİ
Başlık Servis sistemleri ve gelişler zamana bağlı olduğunda kapasite sorununa matematiksel yaklaşım :
Alt Eseradı vb. (boğaziçi köprüsü uygulama denemesi)/
Sorumluluk Bildirimi İmdat Kara ; İmdat Kara.
264 #1 - ÜRERİM, YAYIN, DAĞITIM ve TELİF BİLDİRİMİ
Yayın yeri Eskişehir :
Yayınlayan Eskişehir İktisadi ve Ticari İlimler Akademisi
Yayın tarihi 1976
300 ## - FİZİKSEL TANIMLAMA
Sayfa, Cilt vb. XVII, 117 sayfa: tablo; 24 cm.
336 ## - İÇERİK TÜRÜ
Content type term metin
Content type code txt
Source rdacontent
337 ## - MEDYA TÜRÜ
Media type term aracısız
Media type code n
Source rdamedia
338 ## - TAŞIYICI TÜRÜ
Carrier type term cilt
Carrier type code nc
Source rdacarrier
490 1# - DİZİ BİLDİRİMİ
Dizi Bildirimi Eskişehir İktisadi ve Ticari İlimler Akademisi Yayınları ;
Cilt Numarası No.
490 1# - DİZİ BİLDİRİMİ
Dizi Bildirimi 160/102
500 ## - GENEL NOT
Genel Not Kaynakça var.
650 #0 - KONU BAŞLIĞI EK GİRİŞ - KONU TERİMİ
Konusal terim veya coğrafi ad Kapasite sorunu.
9 (RLIN) 23351
830 1# - SERİ EK GİRİŞİ - TEKBİÇİM ESER ADI
Tekbiçim Başlık Eskişehir İktisadi ve Ticari İlimler Akademisi Yayınları ;
Volume number/sequential designation No.
9 (RLIN) 12662
830 1# - SERİ EK GİRİŞİ - TEKBİÇİM ESER ADI
Tekbiçim Başlık 160/102
9 (RLIN) 23352
942 ## - EK GİRİŞ ÖGELERİ (KOHA)
Source of classification or shelving scheme Library of Congress Classification
Koha item type Book
Holdings
Materyal Türü Kalıcı Konum Mevcut Konum Raf Yeri Sınıflandırma Kaynağı Edinim Bilgisi Ana Konular Alt Konular Yer Numarası Demirbaş Numarası Fatura Tarihi Geri Çekilme Durumu Kayıp Durumu Hasarlı Durumu Kredi için değil Kayıt Tarih Toplam Ödünçverme Son Görülme Tarihi Son Kontrol Tarihi Genel / Bağış Notu
Book Prof. Dr. Azmi Özcan Kütüphanesi Prof. Dr. Azmi Özcan Kütüphanesi Birûni Salonu Library of Congress Classification Bağış TEKNOLOJİ Teknoloji (Genel) T60.3 .K37 1976 0009425 13/08/2010         20/10/2009   05/12/2024 05/12/2024 Genel Bağış